Nghiên cứu khoa học trong Quản trị kinh doanh
Sách giới thiệu năm nghiên cứu, với phương pháp chính là định lượng, có phối hợp một số phương pháp định tính nhằm giảng dạy và nghiên cứu khoa học. Một trong những nghiên cứu này là kế thừa lý thuyết và nghiên cứu đã có trên thế g...
Sparad:
| Huvudupphovsman: | |
|---|---|
| Materialtyp: | Bok |
| Språk: | Undetermined |
| Publicerad: |
Hà Nội
Thống kê
2010
|
| Ämnen: | |
| Taggar: |
Lägg till en tagg
Inga taggar, Lägg till första taggen!
|
| Thư viện lưu trữ: | Trung tâm Học liệu Trường Đại học Cần Thơ |
|---|
| LEADER | 01430nam a2200229Ia 4500 | ||
|---|---|---|---|
| 001 | CTU_165857 | ||
| 008 | 210402s9999 xx 000 0 und d | ||
| 020 | |c 58000 | ||
| 082 | |a 658.57 | ||
| 082 | |b Th410 | ||
| 100 | |a Nguyễn, Đình Thọ | ||
| 245 | 0 | |a Nghiên cứu khoa học trong Quản trị kinh doanh | |
| 245 | 0 | |c Nguyễn Đình Thọ, Nguyễn Thị Mai Trang | |
| 260 | |a Hà Nội | ||
| 260 | |b Thống kê | ||
| 260 | |c 2010 | ||
| 520 | |a Sách giới thiệu năm nghiên cứu, với phương pháp chính là định lượng, có phối hợp một số phương pháp định tính nhằm giảng dạy và nghiên cứu khoa học. Một trong những nghiên cứu này là kế thừa lý thuyết và nghiên cứu đã có trên thế giới để thực hiện tại thị trường Việt Nam, phục vụ cho học viên cao học và nghiên cứu sinh ngành quản trị kinh doanh. | ||
| 526 | |a Phương pháp nghiên cứu khoa học trong kinh doanh,Quản trị rủi ro kinh doanh | ||
| 526 | |b KT637,KT914 | ||
| 650 | |a Industrial management,Quản lý công nghiệp,Business administration research and education,Nghiên cứu và giáo dục trong quản trị kinh doanh | ||
| 904 | |i Trọng Hiếu | ||
| 980 | |a Trung tâm Học liệu Trường Đại học Cần Thơ | ||